[Event "UAE President Cup"]
[Site "Ajman"]
[Date "2019.01.04"]
[Round "3"]
[White "Hamdan, Marshool"]
[Black "Salem, Ahmed Salem"]
[Result "1/2-1/2"]
[WhiteElo "1978"]
[BlackElo "2051"]
[PlyCount "102"]
[EventDate "2019.01.02"]
[EventType "swiss"]
[EventRounds "9"]
[EventCountry "UAE"]
[SourceTitle "CBM 188 Extra"]
[Source "ChessBase"]
[SourceDate "2019.02.26"]
[SourceVersion "1"]
[SourceVersionDate "2019.02.26"]
[SourceQuality "1"]

1. e4 c5 2. Nf3 Nc6 3. d4 cxd4 4. Nxd4 e6 5. c4 Bb4+ 6. Bd2 Qh4 7. Nb5 Qxe4+ 8. Be2 Bxd2+ 9. Nxd2 Qf4 10. g3 Qb8 11. Ne4 Nf6 12. Nxf6+ gxf6 13. Qd2 a6 14. Nd6+ Ke7 15. Rd1 Qc7 16. 0-0 h5 17. b4 b6 18. b5 Ne5 19. f4 Ng4 20. Bf3 Qc5+ 21. Kh1 Ra7 22. Ne4 Qc7 23. h3 Bb7 24. Qb4+ Kd8 25. Qc3 Rh6 26. Bg2 Bxe4 27. Bxe4 axb5 28. hxg4 hxg4+ 29. Kg1 Rxa2 30. Qb4 Qc5+ 31. Qxc5 bxc5 32. cxb5 d5 33. Bxd5 exd5 34. Rxd5+ Kc7 35. Rxc5+ Kb6 36. Rc6+ Kxb5 37. Rc8 f5 38. Rb1+ Ka5 39. Rc5+ Ka6 40. Rxf5 Ra3 41. Rb2 Rxg3+ 42. Rg2 Rxg2+ 43. Kxg2 f6 44. Kg3 Rg6 45. Rd5 Kb7 46. Rd6 Kc7 47. Ra6 Kd7 48. f5 Rg5 49. Rxf6 Ke7 50. Re6+ Kf7 51. Kf4 Rg8 1/2-1/2

[Event "Abu Dhabi President Cup"]
[Site "Abu Dhabi"]
[Date "2017.12.26"]
[Round "6"]
[White "Hamdan, Marshool"]
[Black "Sultan, Ibrahim"]
[Result "0-1"]
[WhiteElo "1983"]
[BlackElo "2117"]
[PlyCount "106"]
[EventDate "2017.12.22"]
[EventType "swiss"]
[EventRounds "9"]
[EventCountry "UAE"]
[SourceTitle "CBM 182 Extra"]
[Source "ChessBase"]
[SourceDate "2018.02.23"]
[SourceVersion "1"]
[SourceVersionDate "2018.02.23"]
[SourceQuality "1"]

1. Nf3 Nf6 2. b3 d5 3. Bb2 e6 4. g3 Be7 5. Bg2 0-0 6. 0-0 b6 7. c4 Bb7 8. e3 Nbd7 9. Nc3 c5 10. cxd5 Nxd5 11. Nxd5 Bxd5 12. d4 Bf6 13. Qe2 Be4 14. Rfd1 Qc7 15. dxc5 Bxb2 16. Qxb2 Nxc5 17. b4 Nd3 18. Qd4 Bxf3 19. Bxf3 Rad8 20. Qh4 Qc2 21. Rxd3 Rxd3 22. Be4 Rd1+ 23. Kg2 Qxe4+ 24. Qxe4 Rxa1 25. Qc4 b5 26. Qc2 h6 27. Qb2 Re1 28. Qc3 Re2 29. Qd3 Rxa2 30. Qxb5 Rd8 31. g4 g6 32. g5 hxg5 33. Qxg5 Rdd2 34. Kg3 Rxf2 35. Qd8+ Kh7 36. Qh4+ Kg8 37. Qd8+ Kg7 38. Qd4+ Rf6 39. b5 Ra5 40. Qb4 Ra1 41. Qd4 Rb1 42. Qe5 Rg1+ 43. Kh4 Rg2 44. e4 Rgf2 45. Kg5 Rg2+ 46. Kh4 g5+ 47. Kh5 Rxh2+ 48. Kxg5 Rg2+ 49. Kh5 Rgg6 50. Qb2 Kh7 51. Qe2 e5 52. Kh4 Rg7 53. Kh5 Rgg6 0-1

[Event "Al Ain Amateur op 4th"]
[Site "Al Ain"]
[Date "2015.12.24"]
[Round "2"]
[White "Hamdan, Marshool"]
[Black "Toporov, Yaroslav"]
[Result "1-0"]
[WhiteElo "1998"]
[BlackElo "1630"]
[PlyCount "84"]
[EventDate "2015.12.23"]
[EventType "swiss"]
[EventRounds "9"]
[EventCountry "UAE"]
[SourceTitle "CBM 170 Extra"]
[Source "ChessBase"]
[SourceDate "2016.02.25"]
[SourceVersion "1"]
[SourceVersionDate "2016.02.25"]
[SourceQuality "1"]

1. e4 c5 2. Nf3 e6 3. d4 cxd4 4. Nxd4 a6 5. Nc3 Qc7 6. Be3 Nf6 7. a3 Be7 8. Be2 d6 9. Qd2 Nbd7 10. f4 b5 11. Bf3 Bb7 12. Nb3 Rc8 13. 0-0 0-0 14. Rad1 Rfe8 15. Qf2 e5 16. Rfe1 Nc5 17. Nd2 Bf8 18. f5 d5 19. exd5 e4 20. Be2 Nxd5 21. Nxd5 Bxd5 22. Bg4 f6 23. Bf4 Qb7 24. Nf1 Nd7 25. Ne3 Bc6 26. Bh5 Red8 27. Qg3 Nb6 28. b4 Nd5 29. Nxd5 Rxd5 30. Rxd5 Bxd5 31. Qf2 Rc3 32. Re3 Qc6 33. Rxc3 Qxc3 34. Qd2 Qxd2 35. Bxd2 Bd6 36. Kf2 Be5 37. g3 Kf8 38. Be3 Ke7 39. Bc5+ Bd6 40. Bd4 Bc7 41. Ke3 Be5 42. Bxe5 fxe5 1-0

[Event "Al Ain op 3rd"]
[Site "Al Ain"]
[Date "2014.12.19"]
[Round "1"]
[White "Babujian, Levon"]
[Black "Hamdan, Marshool"]
[Result "1-0"]
[WhiteElo "2471"]
[BlackElo "1763"]
[PlyCount "35"]
[EventDate "2014.12.19"]
[EventType "swiss"]
[EventRounds "9"]
[EventCountry "UAE"]
[SourceTitle "CBM 164 Extra"]
[Source "ChessBase"]
[SourceDate "2015.03.02"]
[SourceVersion "1"]
[SourceVersionDate "2015.03.02"]
[SourceQuality "1"]

1. e4 c5 2. Nc3 Nc6 3. Bb5 Nd4 4. Nf3 Nxb5 5. Nxb5 a6 6. Nc3 d6 7. d4 cxd4 8. Qxd4 Bg4 9. Be3 Bxf3 10. gxf3 Nf6 11. 0-0-0 Rc8 12. e5 Ng8 13. Rhe1 b5 14. Qa7 b4 15. exd6 Nf6 16. Ne4 exd6 17. Nxf6+ gxf6 18. Bb6+ 1-0

[Event "Sharjah op"]
[Site "Sharjah"]
[Date "2014.11.16"]
[Round "2"]
[White "Salih, Akar Ali Salih"]
[Black "Hamdan, Marshool"]
[Result "1-0"]
[WhiteElo "2284"]
[BlackElo "1763"]
[PlyCount "83"]
[EventDate "2014.11.15"]
[EventType "swiss"]
[EventRounds "9"]
[EventCountry "UAE"]
[SourceTitle "CBM 163 Extra"]
[Source "ChessBase"]
[SourceDate "2014.12.23"]
[SourceVersion "1"]
[SourceVersionDate "2014.12.23"]
[SourceQuality "1"]

1. e4 c5 2. Nf3 Nc6 3. d4 cxd4 4. Nxd4 d6 5. Nc3 g6 6. Bc4 Bg7 7. Be3 Nf6 8. Qd2 Ng4 9. Nxc6 bxc6 10. Bg5 Rb8 11. Bb3 Ba6 12. f3 Ne5 13. Bh6 0-0 14. Bxg7 Kxg7 15. f4 Nd7 16. 0-0-0 Nc5 17. h4 Qa5 18. h5 Nxb3+ 19. cxb3 Qc5 20. Kb1 f6 21. Rde1 Rb4 22. e5 fxe5 23. fxe5 Rf2 24. Qg5 d5 25. Ka1 Bd3 26. hxg6 Bxg6 27. Rc1 Rf5 28. Qh6+ Kg8 29. Na4 Qb5 30. Nc5 Rxe5 31. Rhf1 Rf5 32. Rxf5 Bxf5 33. Qg5+ Bg6 34. Qxe7 Qb8 35. Nd7 Qc8 36. Nf6+ Kh8 37. Qxb4 Qd8 38. Qd4 Kg7 39. Nxd5+ Kf7 40. Rf1+ Ke6 41. Nf4+ Ke7 42. Nxg6+ 1-0

[Event "Sharjah op blitz"]
[Site "Sharjah"]
[Date "2014.07.09"]
[Round "8"]
[White "Rashid, Shaeri"]
[Black "Hamdan, Marshool"]
[Result "0-1"]
[WhiteElo "1379"]
[BlackElo "1754"]
[PlyCount "47"]
[EventDate "2014.07.09"]
[EventType "swiss (blitz)"]
[EventRounds "9"]
[EventCountry "UAE"]
[SourceTitle "EXT 2016"]
[Source "ChessBase"]
[SourceDate "2015.10.08"]
[SourceVersion "1"]
[SourceVersionDate "2015.10.08"]
[SourceQuality "1"]

1. e4 c5 2. Nf3 Nc6 3. Bb5 d6 4. 0-0 Bd7 5. b4 a6 6. Bxc6 Bxc6 7. Re1 cxb4 8. a3 bxa3 9. Nxa3 g6 10. Nc4 Bg7 11. c3 Nf6 12. d3 d5 13. exd5 Bxd5 14. Ba3 Bxc4 15. Bxe7 Qd7 16. Bxf6+ Kf8 17. Bxg7+ Kxg7 18. dxc4 Qxd1 19. Raxd1 Rac8 20. Rd4 a5 21. Re7 Rhe8 22. Rxe8 Rxe8 23. h3 a4 24. c5 0-1

[Event "Wch U16"]
[Site "Al Ain"]
[Date "2013.12.29"]
[Round "11"]
[White "Tominga, Eke"]
[Black "Hamdan, Marshool"]
[Result "1/2-1/2"]
[WhiteElo "2064"]
[BlackElo "1749"]
[PlyCount "99"]
[EventDate "2013.12.18"]
[EventType "swiss"]
[EventRounds "11"]
[EventCountry "UAE"]
[SourceTitle "CBM 158 Extra"]
[Source "ChessBase"]
[SourceDate "2014.02.28"]
[SourceVersion "1"]
[SourceVersionDate "2014.02.28"]
[SourceQuality "1"]

1. e4 c5 2. Nf3 Nc6 3. d4 cxd4 4. Nxd4 Nf6 5. Nc3 d6 6. Bg5 e6 7. Qd2 Be7 8. 0-0-0 a6 9. f4 Bd7 10. Be2 b5 11. Bf3 Rc8 12. e5 dxe5 13. Nxc6 Bxc6 14. Qxd8+ Bxd8 15. fxe5 Nd5 16. Bxd8 Rxd8 17. Nxd5 Bxd5 18. Bxd5 exd5 19. Rd4 Ke7 20. c3 Rhe8 21. Kc2 Kf8 22. Re1 Re6 23. Kd2 f6 24. Rf4 Rde8 25. a4 bxa4 26. Rxa4 fxe5 27. Ra5 Rd8 28. Kd3 Ke7 29. Re2 Rdd6 30. Rf2 Rf6 31. Re2 Ke6 32. c4 dxc4+ 33. Kxc4 Rf4+ 34. Kb3 e4 35. Ka2 Kf6 36. g3 Rg4 37. Re3 Re6 38. Ra4 h5 39. Ra5 Rg5 40. Ra4 Rge5 41. Kb1 Kf5 42. h3 a5 43. Kc2 Rd6 44. Rc4 Rdd5 45. Ra4 Rc5+ 46. Kd2 Red5+ 47. Ke1 Rc1+ 48. Kf2 Rd2+ 49. Re2 Rxe2+ 50. Kxe2 1/2-1/2

[Event "Asia U20 op"]
[Site "Sharjah"]
[Date "2013.04.06"]
[Round "8"]
[White "Hamdan, Marshool"]
[Black "El Jawish, Ali"]
[Result "0-1"]
[WhiteElo "1756"]
[BlackElo "2190"]
[PlyCount "70"]
[EventDate "2013.03.30"]
[EventType "swiss"]
[EventRounds "9"]
[EventCountry "UAE"]
[SourceTitle "CBM 153 Extra"]
[Source "ChessBase"]
[SourceDate "2013.04.22"]
[SourceVersion "1"]
[SourceVersionDate "2013.04.22"]
[SourceQuality "1"]

1. e4 c5 2. Nf3 d6 3. d4 cxd4 4. Nxd4 Nf6 5. Nc3 a6 6. Be2 e5 7. Nb3 Be7 8. Be3 Be6 9. 0-0 Nbd7 10. Qd2 0-0 11. h3 Nb6 12. Na5 Qc7 13. f4 Nc4 14. Nxc4 Bxc4 15. Bxc4 Qxc4 16. Qd3 Rac8 17. fxe5 dxe5 18. Rf5 Bb4 19. Rxe5 Qxd3 20. cxd3 Rxc3 21. Bd2 Rc5 22. Bxb4 Rxe5 23. Bxf8 Kxf8 24. Rc1 Rb5 25. Rc8+ Ke7 26. Rc7+ Nd7 27. b3 Kd6 28. Rc8 Rc5 29. Rg8 g6 30. Rg7 Ke7 31. Rxh7 Rc2 32. h4 Rxa2 33. g4 Rb2 34. g5 Nf8 35. h5 Nxh7 0-1

[Event "World ol U16 11th"]
[Site "Istanbul"]
[Date "2012.09.04"]
[Round "9.15"]
[White "Hamdan, Marshool"]
[Black "De la Rey, Sean Luc"]
[Result "1/2-1/2"]
[WhiteElo "1749"]
[BlackElo "1611"]
[PlyCount "123"]
[EventDate "2012.08.29"]
[EventType "team-swiss"]
[EventRounds "10"]
[EventCountry "TUR"]
[SourceTitle "CBM 150 Extra"]
[Source "ChessBase"]
[SourceDate "2012.10.19"]
[SourceVersion "1"]
[SourceVersionDate "2012.10.19"]
[SourceQuality "1"]
[WhiteTeam "United Arab Emirates (U16)"]
[BlackTeam "South Africa (U16) II"]
[WhiteTeamCountry "UAE"]
[BlackTeamCountry "RSA"]

1. d4 d5 2. c4 Nf6 3. Nc3 g6 4. Nf3 Bg7 5. Bg5 Ne4 6. Bh4 Nxc3 7. bxc3 dxc4 8. Qa4+ Qd7 9. Qxc4 b6 10. e3 Ba6 11. Qb3 Bxf1 12. Kxf1 0-0 13. Ke2 Nc6 14. Rhd1 Na5 15. Qb4 Rfe8 16. Kf1 Rac8 17. Rac1 Qf5 18. Bg3 c5 19. Qa4 Red8 20. Kg1 h6 21. Ne5 Qe6 22. h3 Bxe5 23. Bxe5 Nc4 24. Qxa7 Ra8 25. Qb7 Rxa2 26. Bg3 cxd4 27. cxd4 Rda8 28. d5 Qc8 29. Qc6 R2a4 30. Rd4 Qxc6 31. dxc6 b5 32. c7 Nb6 33. Rd8+ Kg7 34. c8Q Nxc8 35. Rcxc8 Rxc8 36. Rxc8 Rb4 37. Kf1 Rb1+ 38. Ke2 b4 39. Rb8 b3 40. Kd2 g5 41. Kc3 Rc1+ 42. Kxb3 Rg1 43. Kc4 Rxg2 44. Rb2 e6 45. Kd4 h5 46. h4 gxh4 47. Be5+ Kg6 48. f3 h3 49. Rb1 f6 50. Bc7 Kf5 51. Rh1 e5+ 52. Kd3 h2 53. Bd6 h4 54. Bc7 h3 55. Bd6 Rf2 56. f4 e4+ 57. Kd4 Rd2+ 58. Kc5 Rc2+ 59. Kd4 Rd2+ 60. Kc5 Rc2+ 61. Kd4 Rd2+ 62. Kc5 1/2-1/2

[Event "World ol U16 11th"]
[Site "Istanbul"]
[Date "2012.08.30"]
[Round "3.18"]
[White "Hamdan, Marshool"]
[Black "Ayazmali, Gizem"]
[Result "0-1"]
[WhiteElo "1749"]
[BlackElo "1612"]
[PlyCount "102"]
[EventDate "2012.08.29"]
[EventType "team-swiss"]
[EventRounds "10"]
[EventCountry "TUR"]
[SourceTitle "CBM 150 Extra"]
[Source "ChessBase"]
[SourceDate "2012.10.19"]
[SourceVersion "1"]
[SourceVersionDate "2012.10.19"]
[SourceQuality "1"]
[WhiteTeam "United Arab Emirates (U16)"]
[BlackTeam "Turkey Red Girls (U16)"]
[WhiteTeamCountry "UAE"]
[BlackTeamCountry "TUR"]

1. e4 e5 2. Nf3 Nf6 3. Nxe5 d6 4. Nf3 Nxe4 5. d4 d5 6. Bd3 Nc6 7. 0-0 Bg4 8. c4 f5 9. Re1 Bb4 10. Bd2 0-0 11. Bxb4 Nxb4 12. cxd5 Qxd5 13. Bxe4 fxe4 14. Nc3 Qh5 15. Rxe4 Bxf3 16. gxf3 Qxf3 17. Qb3+ Kh8 18. Rf1 Rf6 19. h3 Qxh3 20. Ne2 Qxb3 21. axb3 Raf8 22. Nc1 g5 23. Re3 Nc2 24. Rd3 Rf3 25. Rxf3 Rxf3 26. Rd1 Rf4 27. Ne2 Re4 28. Kf1 Re7 29. Rd2 Nb4 30. Ng3 Nd5 31. Re2 Rxe2 32. Kxe2 Kg7 33. Ne4 Kg6 34. Nc5 b6 35. Na6 h5 36. Nb8 Kf5 37. Nc6 a5 38. f3 h4 39. Kf2 Nb4 40. Ne5 Nc2 41. Nc6 Na1 42. b4 Nb3 43. bxa5 bxa5 44. Ke3 a4 45. d5 Nd2 46. Kxd2 h3 47. Nd4+ Kf4 48. Ne6+ Kg3 49. Nxg5 h2 50. Ke2 h1Q 51. Ne4+ Kf4 0-1